|
|
|
|
| LEADER |
00722ntm a2200169 i 4500 |
| 001 |
misc46864 |
| 005 |
20200514113720.0 |
| 008 |
200514s1907 hu o 0|| hun d |
| 040 |
|
|
|a SZTE Miscellanea Repozitórium
|b hun
|
| 041 |
|
|
|a hun
|
| 245 |
0 |
0 |
|a Sopron vármegye törvényhatósági bizottságának felirata a magyar királyi belügyminiszterhez a cigánykérdés tárgyában
|h [elektronikus dokumentum]
|
| 260 |
|
|
|c 1907-10-08
|
| 300 |
|
|
|a 3
|
| 561 |
|
|
|a Herrmann Antal hagyaték
|
| 695 |
|
|
|a cigánykérdés, kóbor cigányok, cigányok letelepítése, cigánybűnözés, törvényjavaslat
|
| 700 |
0 |
1 |
|a Andrássy Gyula
|
| 856 |
4 |
0 |
|u http://misc.bibl.u-szeged.hu/46864/1/hermann_antal_ms_1934_004_egyeb_101.pdf
|z Dokumentum-elérés
|